00765nam a2200253Ia 4500008004000000020001800040041000800058082001600066100002000082245003700102250000500139260005100144300001000195650001700205650001500222650000700237650000800244650000600252690002500258700002400283906001100307999001900318952017400337210210b2013 xxu||||| |||| 00| 0 eng d a9789351290735 aeng a616.01 HAWM aHAWLEY (Louise) aMicrobiology and immunology Ed 6 a aNew DelhibLippincott Williams & Wilkinsc2013 ax,347 aMicrobiology aimmunology aEd aand a6 aMedical Microbiology aZIEGLER (Richard J) a068479 c152592d152592 001040708MicrobiologyaALbALcMedical Scienced2021-02-17eBiblios, Bunts Hostel Road, Mangaloreg695.00l0o616.01 HAWMp068479r2021-02-17 00:00:00w2021-02-17yBK